| 000 | 02002nam a22002777a 4500 | ||
|---|---|---|---|
| 005 | 20170724081539.0 | ||
| 008 | 130311s1921 ck |||fr|||| 001 0 spa d | ||
| 040 |
_cSandra Yazo _dSandra Yazo (modificó) |
||
| 041 | 0 | _aspa | |
| 082 | 0 | 4 |
_220 _a808 |
| 092 | _aE25N010 | ||
| 100 | 1 |
_aGarcía, Juan Crisóstomo _d1883-1967 _932288 |
|
| 245 | 2 | 0 |
_aNociones de la literatura _cpor el profesor Juan C. García |
| 250 | _aSegunda edición | ||
| 260 |
_aBogotá (Colombia) _bEditorial Minerva _c1921 |
||
| 300 |
_a320 páginas _b17 x 13 cm. |
||
| 500 | _aDetalles físicos: Encuadernación flexible en cartulina, tapa delantera con datos de publicación impresos, notorias manchas, residuos de cinta pegante y bordes con roturas. Portada impresa en una sola tinta, con sellos de tinta. Dedicatoria. Advertencias. Texto impreso en una columna, notas al pie de página. Papel manchado, últimas hojas con dobleces y roturas en bordes y esquinas | ||
| 504 | _aIncluye referencias bibliográficas | ||
| 505 | _rParte I – III: Rudimentos de estética: Conceptos y división de la belleza ; La fealdad ; El ideal ; Causas de la belleza ; Aptitudes artísticas ; Elementos, medios y fin del arte -- Observaciones previas sobre las reglas ; Reglas concernientes al fondo de las obras ; Forma de los escritos Explanación ; Redacción Lenguaje y estilo ; Lenguaje familiar y literario ; Arcaísmos y neologismos ; Cualidades del estilo ; Claridad y defectos opuestos ; Figuras ; Figuras de sentencia ; División del estilo ; Formación de estilo ; Traducción ; De los escritos en general -- Géneros literarios: Genero poético : Métrica ; Épica ; Poesía bucólica y didascálica ; Dramática ; Genero narrativa Historia y leyenda ; Novela y cuento | ||
| 506 | _aConsulta en sala | ||
| 650 | 7 |
_941473 _aLiteratura _xEnseñanza |
|
| 650 | 7 |
_aLiteratura _932289 _xLibros de texto |
|
| 650 | 7 |
_aEstética literaria _915078 |
|
| 690 |
_aLiteratura _918599 |
||
| 942 |
_cLIBRO _e2 _2LOCAL _hE25N010 |
||
| 999 |
_c165748 _d165748 |
||